| 000 | 01112cab a2200253 4500 | ||
|---|---|---|---|
| 001 | ABS46655 | ||
| 008 | 090401t1992 xxu||||| |||| 00| 0 eng d | ||
| 035 | _a(Sirsi) u59031 | ||
| 041 | _aeng | ||
| 100 | _aPartridge, C. | ||
| 245 | _aUnexpected changes in rating legislation | ||
| 260 | _c1992 | ||
| 350 | _a0 | ||
| 490 |
_aEstates Gazette _v(9924) 20 June 1992, 112-114(2) |
||
| 520 | _aReviews the regulations which came into force on 1 April which make important changes to rating legisaltion, Non-Doemstic Rating (Material day for list alterations) Regulations 1992 (SI 1992:556), Non-Domestic Rating (Alteration of lists and appeals) (Amendment) Regulations 1992 (SI 1992:611), Non-Domestic Rating (Multiple Moorings) Regulations 1992 (SI 1992:557) and Valuation for Rating (Former enterprise zone) (Amendment) Regulations 1992 (SI 1992:698). | ||
| 650 | _aENTERPRISE ZONES | ||
| 650 | _aLIST ALTERATIONS | ||
| 650 | _aLOCAL GOVERNMENT FINANCE ACT 1992 | ||
| 650 | _aMATERIAL DAY | ||
| 650 | _aUNIFROM BUSINESS RATE | ||
| 690 | _aRATING AND VALUATION | ||
| 942 | _n0 | ||
| 948 | _c04/03/1997 | ||
| 999 |
_c36145 _d36145 |
||